| 000 | 00766cam a2200193 4500 | ||
|---|---|---|---|
| 001 | ABS64378 | ||
| 008 | 010823n2001 000 0 eng u | ||
| 035 | _a(Sirsi) u114294 | ||
| 100 | _aCurtis, M | ||
| 245 | _aGeomatics Faculty business plan | ||
| 260 | _c2001 | ||
| 490 |
_aSurveying World _v9(5) July/August 2001, 31(1) |
||
| 520 | _aDescription of the business plan of the RICS Geomatics Faculty by the faculty chairman, Mike Curtis. Outlines the six major project areas; promotion and recruitment, education and competence, research and public policy, member services, services for business and society with details of the Faculty Board. | ||
| 590 | _aABS | ||
| 650 | _aBUSINESS PLAN | ||
| 650 | _aFACULTIES | ||
| 690 |
_aGeomatics _96242 |
||
| 942 | _n0 | ||
| 999 |
_c68072 _d68072 |
||